[Event "SCG-chT 48th"]
[Site "Herceg Novi"]
[Date "2005.05.21"]
[Round "7"]
[White "Markus, Robert"]
[Black "Djukic, Nikola"]
[Result "1/2-1/2"]
[WhiteElo "2584"]
[BlackElo "2509"]
[PlyCount "49"]
[EventDate "2005.05.15"]
[EventType "team"]
[EventRounds "7"]
[EventCountry "YUG"]
[Source "ChessBase"]
[SourceDate "2005.07.11"]

1. d4 Nf6 2. c4 g6 3. Nc3 Bg7 4. e4 d6 5. Nf3 O-O 6. Be2 e5 7. Be3 Ng4 8. Bg5
f6 9. Bh4 g5 10. Bg3 Nh6 11. d5 f5 12. exf5 g4 13. Nd2 Bxf5 14. Nf1 Nd7 15. Ne3
Nc5 16. O-O e4 17. Nxg4 Bxg4 18. Bxg4 Bxc3 19. bxc3 Qf6 20. Be6+ Nxe6 21. dxe6
Qxe6 22. c5 Nf5 23. Qg4+ Kh8 24. cxd6 cxd6 25. Rfe1 1/2-1/2

[Event "Salou op 7th"]
[Site "Salou"]
[Date "2005.05.24"]
[Round "5"]
[White "Hillarp Persson, Tiger"]
[Black "Spasov, Vasil"]
[Result "1/2-1/2"]
[WhiteElo "2533"]
[BlackElo "2543"]
[PlyCount "75"]
[EventDate "2005.05.20"]
[EventType "swiss"]
[EventRounds "9"]
[EventCountry "ESP"]
[Source "ChessBase"]
[SourceDate "2005.07.11"]

1. d4 Nf6 2. c4 g6 3. Nc3 Bg7 4. e4 d6 5. Be2 O-O 6. Nf3 e5 7. Be3 exd4 8. Nxd4
Re8 9. f3 c6 10. Qd2 d5 11. exd5 cxd5 12. c5 Nc6 13. O-O Rxe3 14. Qxe3 Qf8 15.
Nxc6 bxc6 16. Na4 Bf5 17. Rfe1 d4 18. Qa3 Nd5 19. Bd3 Be6 20. Bc4 Bh6 21. Bxd5
Bxd5 22. Qd3 Rd8 23. b3 Be6 24. Rxe6 fxe6 25. Qe4 Qf5 26. Qxc6 d3 27. Rd1 Bg7
28. Qe4 Qxe4 29. fxe4 Kf7 30. Kf2 Ke7 31. g3 h5 32. c6 Rc8 33. Rxd3 Rxc6 34.
Rd2 g5 35. Kg2 g4 36. Nb2 Bxb2 37. Rxb2 Kf6 38. h3 1/2-1/2

[Event "ROM-chT"]
[Site "Tusnad"]
[Date "2005.05.25"]
[Round "5"]
[White "Varga, Zoltan"]
[Black "Gyimesi, Zoltan"]
[Result "1/2-1/2"]
[WhiteElo "2515"]
[BlackElo "2595"]
[PlyCount "51"]
[EventDate "2005.05.21"]
[EventType "team"]
[EventRounds "9"]
[EventCountry "ROM"]
[Source "ChessBase"]
[SourceDate "2005.07.11"]

1. Nf3 Nf6 2. c4 g6 3. Nc3 Bg7 4. d4 O-O 5. e4 d6 6. Be2 e5 7. O-O Nc6 8. d5
Ne7 9. b4 Nh5 10. Re1 f5 11. Ng5 Nf6 12. Bf3 c6 13. Bb2 h6 14. Ne6 Bxe6 15.
dxe6 fxe4 16. Nxe4 Nxe4 17. Rxe4 d5 18. cxd5 cxd5 19. Rxe5 Bxe5 20. Bxe5 Qb6
21. Bb2 Kh7 22. Qe2 d4 23. h4 Qc7 24. a3 Qd6 25. h5 Rf6 26. Re1 1/2-1/2

[Event "ROM-chT"]
[Site "Tusnad"]
[Date "2005.05.27"]
[Round "7"]
[White "Gyimesi, Zoltan"]
[Black "Baklan, Vladimir"]
[Result "1/2-1/2"]
[WhiteElo "2595"]
[BlackElo "2584"]
[PlyCount "82"]
[EventDate "2005.05.21"]
[EventType "team"]
[EventRounds "9"]
[EventCountry "ROM"]
[Source "ChessBase"]
[SourceDate "2005.07.11"]

1. d4 Nf6 2. c4 g6 3. Nc3 Bg7 4. e4 d6 5. Nf3 O-O 6. Be2 e5 7. O-O Nc6 8. d5
Ne7 9. b4 Nh5 10. Re1 f5 11. Ng5 Nf6 12. Bf3 c6 13. Be3 cxd5 14. cxd5 h6 15.
Ne6 Bxe6 16. dxe6 fxe4 17. Nxe4 Nxe4 18. Bxe4 d5 19. Bc5 dxe4 20. Qxd8 Rfxd8
21. Bxe7 Re8 22. Bc5 Rxe6 23. Rxe4 Rd8 24. h4 a6 25. a4 Rd5 26. Be3 Rc6 27. Rb1
b5 28. axb5 axb5 29. Ra1 Bf8 30. Ra7 Rc4 31. Rxc4 bxc4 32. Rb7 c3 33. Kf1 c2
34. Ke2 Rd1 35. Rc7 Bxb4 36. Rxc2 Rh1 37. Rc4 Be7 38. g3 h5 39. Rc7 Bf6 40. Kd3
Rd1+ 41. Ke4 Bg7 1/2-1/2

[Event "IRI-chT"]
[Site "Tehran"]
[Date "2005.05.26"]
[Round "1"]
[White "Ibrahimov, Rasul"]
[Black "Moradiabadi, Elshan"]
[Result "1-0"]
[WhiteElo "2511"]
[BlackElo "2502"]
[PlyCount "89"]
[EventDate "2005.05.26"]
[EventType "team"]
[EventRounds "5"]
[EventCountry "IRI"]
[Source "ChessBase"]
[SourceDate "2005.07.11"]

1. Nf3 Nf6 2. c4 g6 3. Nc3 Bg7 4. e4 d6 5. d4 O-O 6. Be2 e5 7. Be3 Nc6 8. d5
Ne7 9. Nd2 c5 10. Rb1 Ne8 11. b4 f5 12. f3 b6 13. bxc5 bxc5 14. O-O f4 15. Bf2
g5 16. Nb3 Rf7 17. Nxc5 dxc5 18. Bxc5 Bf8 19. Bf2 Qa5 20. Qc2 Ba6 21. Qa4 Qxa4
22. Nxa4 Ng6 23. Rfc1 g4 24. Kf1 gxf3 25. gxf3 Rc8 26. c5 Bxe2+ 27. Kxe2 Rfc7
28. Rc3 Kf7 29. Rb5 Be7 30. Rcb3 Bh4 31. Bg1 Bd8 32. Rb7 Be7 33. Bf2 Nf8 34.
R3b5 Ng6 35. Nb2 Kg8 36. Rxc7 Rxc7 37. Nc4 Kf7 38. Kd3 Bf8 39. Ra5 Kf6 40. h4
Bxc5 41. Bxc5 Nxh4 42. Ra6+ Kg5 43. Nxe5 Nf6 44. Bf2 Ng2 45. Rxa7 1-0

[Event "Stillwater OCF NAm op 24th"]
[Site "Stillwater"]
[Date "2005.05.28"]
[Round "4"]
[White "Onischuk, Alexander"]
[Black "Brooks, Michael A"]
[Result "1-0"]
[WhiteElo "2638"]
[BlackElo "2501"]
[PlyCount "85"]
[EventDate "2005.05.27"]
[EventType "swiss"]
[EventRounds "9"]
[EventCountry "USA"]
[Source "ChessBase"]
[SourceDate "2005.07.11"]

1. d4 Nf6 2. c4 g6 3. Nc3 Bg7 4. e4 d6 5. Nf3 O-O 6. Be2 e5 7. Be3 Nbd7 8. O-O
c6 9. Qc2 Ng4 10. Bg5 f6 11. Bh4 Nh6 12. d5 c5 13. a3 Nf7 14. Ne1 g5 15. Bg3
Nh6 16. Bd3 Rf7 17. b4 b6 18. Qb1 Nf8 19. Nc2 f5 20. exf5 Bxf5 21. Ne4 Ng6 22.
Ne3 Bc8 23. Re1 Nf4 24. Bc2 Bf8 25. a4 a5 26. bxc5 bxc5 27. Nc3 Rb7 28. Nb5 Qf6
29. Ra3 Kh8 30. Rb3 Qf7 31. Be4 Be7 32. Qc2 Bf8 33. Reb1 Ra6 34. f3 Kg8 35. Be1
Rbb6 36. Bc3 Rb7 37. Rf1 Be7 38. g3 Nh3+ 39. Kg2 Bd8 40. Ng4 Kg7 41. Bxh7 Nf5
42. Nxd6 Rxd6 43. Rxb7 1-0

[Event "BIH-chT"]
[Site "Neum"]
[Date "2005.06.05"]
[Round "2"]
[White "Markus, Robert"]
[Black "Volokitin, Andrei"]
[Result "0-1"]
[WhiteElo "2584"]
[BlackElo "2679"]
[PlyCount "142"]
[EventDate "2005.06.04"]
[EventType "team"]
[EventRounds "9"]
[EventCountry "BIH"]
[Source "ChessBase"]
[SourceDate "2005.07.11"]

1. d4 Nf6 2. c4 g6 3. Nc3 Bg7 4. e4 d6 5. Nf3 O-O 6. Be2 e5 7. Be3 exd4 8. Nxd4
Re8 9. f3 c6 10. Bf2 d5 11. exd5 cxd5 12. O-O Nc6 13. c5 Nh5 14. Qd2 Be5 15. g3
Ng7 16. Rfd1 Be6 17. Nxe6 Nxe6 18. Qxd5 Bxc3 19. bxc3 Qf6 20. Kf1 Qxc3 21. Qc4
Qf6 22. f4 Re7 23. Bf3 Rae8 24. Kg2 g5 25. Kh1 gxf4 26. Rg1 Kf8 27. Raf1 Ng5
28. Qb3 Nh3 29. Rg2 Nd4 30. Qb2 Nxf2+ 31. Rgxf2 fxg3 32. hxg3 Re1 33. Kg2 Rxf1
34. Rxf1 Qe5 35. Bg4 Qd5+ 36. Kg1 Re4 37. Bd1 Qe5 38. Qf2 f5 39. Kg2 Qxc5 40.
Bf3 Re5 41. Rd1 Nxf3 42. Qxf3 Qc6 43. Qxc6 bxc6 44. Rd6 c5 45. Kf3 a5 46. Ra6
c4 47. Rc6 Kg7 48. Kf4 Re2 49. Rxc4 Rf2+ 50. Ke5 Kg6 51. Ra4 Kg5 52. Rxa5 Re2+
53. Kd4 Kg4 54. a4 h5 55. Rb5 Re4+ 56. Kd3 Rxa4 57. Ke2 Ra3 58. Rb8 Kxg3 59.
Rg8+ Kf4 60. Rh8 Ra2+ 61. Kf1 Kf3 62. Kg1 h4 63. Rb8 Ra4 64. Kh2 f4 65. Rc8 Ke2
66. Re8+ Kf2 67. Rc8 f3 68. Rf8 Ke2 69. Re8+ Kf1 70. Rf8 f2 71. Rf7 Ke2 0-1

[Event "EU-ch 6th"]
[Site "Warsaw"]
[Date "2005.06.25"]
[Round "7"]
[White "Sakaev, Konstantin"]
[Black "Fedorov, Alexei"]
[Result "1-0"]
[WhiteElo "2672"]
[BlackElo "2602"]
[PlyCount "71"]
[EventDate "2005.06.18"]
[EventType "swiss"]
[EventRounds "13"]
[EventCountry "POL"]
[Source "ChessBase"]
[SourceDate "2005.07.12"]

1. d4 Nf6 2. c4 g6 3. Nc3 Bg7 4. e4 d6 5. Nf3 O-O 6. Be2 e5 7. O-O Nc6 8. d5
Ne7 9. Nd2 c5 10. Rb1 Ne8 11. b4 b6 12. bxc5 bxc5 13. Qa4 Bh6 14. Nb3 Bxc1 15.
Rfxc1 f5 16. Qa5 Qd7 17. f4 exf4 18. e5 dxe5 19. Nxc5 Qd6 20. Nb3 e4 21. c5 Qe5
22. Qa4 Nf6 23. Qd4 Nd7 24. c6 Qxd4+ 25. Nxd4 Ne5 26. c7 Bd7 27. Bb5 Bxb5 28.
Rxb5 a6 29. Rb6 Nc8 30. Re6 Nd3 31. Rb1 Ra7 32. d6 Nxd6 33. Rxd6 Rxc7 34. Nd5
Rc4 35. Ne6 Ra8 36. Rd7 1-0

[Event "EU-ch 6th"]
[Site "Warsaw"]
[Date "2005.06.26"]
[Round "8"]
[White "Eljanov, Pavel"]
[Black "Areshchenko, Alexander"]
[Result "1/2-1/2"]
[WhiteElo "2641"]
[BlackElo "2595"]
[PlyCount "244"]
[EventDate "2005.06.18"]
[EventType "swiss"]
[EventRounds "13"]
[EventCountry "POL"]
[Source "ChessBase"]
[SourceDate "2005.07.12"]

1. d4 Nf6 2. c4 g6 3. Nc3 Bg7 4. e4 d6 5. Nf3 O-O 6. Be2 e5 7. O-O Na6 8. Re1
Qe8 9. Bf1 Bg4 10. d5 Nb4 11. Be2 a5 12. Be3 Na6 13. Nd2 Bd7 14. Rb1 Kh8 15. a3
a4 16. Nb5 Qb8 17. Qxa4 c6 18. dxc6 bxc6 19. Nc3 d5 20. Bg5 Nc5 21. Qc2 d4 22.
Na2 Qd6 23. Nb4 Ne6 24. Bh4 Ne8 25. c5 Nxc5 26. Nc4 Qb8 27. Be7 Na4 28. Nd2 Rg8
29. Na6 Qc8 30. Qxa4 Nc7 31. Nc4 Rxa6 32. Nd6 Be6 33. Bxa6 Qxa6 34. Qxa6 Nxa6
35. Rec1 Nb8 36. b4 h5 37. a4 Bh6 38. Rc2 Kg7 39. Nb7 f5 40. Bd6 d3 41. Rc3
fxe4 42. Bxe5+ Kh7 43. Nc5 Bf5 44. Rd1 Re8 45. Bd4 Bg4 46. f3 exf3 47. gxf3
Bxf3 48. Rdxd3 Be2 49. Kf2 Bxd3 50. Rxd3 Bf4 51. h3 Bd6 52. Be3 Be7 53. a5 g5
54. Ra3 Bxc5 55. bxc5 Na6 56. Rb3 g4 57. hxg4 hxg4 58. Rb6 Ra8 59. Rxc6 Nb4 60.
Rc7+ Kg6 61. Bd2 Na6 62. Rc6+ Kf5 63. Rb6 Ke5 64. c6 Kd5 65. Bf4 Ra7 66. Kg3
Nc7 67. Bd2 Ra6 68. Bf4 Rxa5 69. Bxc7 Rc5 70. Bf4 Rxc6 71. Rb1 Re6 72. Kxg4 Ke4
73. Rb4+ Kd5 74. Kf5 Rc6 75. Be3 Rc4 76. Rb1 Kd6 77. Rd1+ Kc6 78. Ke5 Rc3 79.
Bd4 Rc2 80. Rd3 Rc4 81. Be3 Rc2 82. Rd6+ Kc7 83. Kd5 Rc3 84. Bd4 Rc1 85. Ra6
Rd1 86. Ra7+ Kd8 87. Ke5 Kc8 88. Rh7 Rd2 89. Rh6 Rd1 90. Rd6 Rd2 91. Rd5 Rc2
92. Kd6 Rc7 93. Ra5 Rd7+ 94. Kc5 Rc7+ 95. Kd5 Rd7+ 96. Kc4 Kb7 97. Bc5 Rd1 98.
Ra7+ Kc6 99. Ra6+ Kd7 100. Bd4 Rd2 101. Kd5 Rd1 102. Ra7+ Kd8 103. Ke5 Kc8 104.
Ra6 Kd7 105. Rd6+ Ke7 106. Rh6 Kd7 107. Kd5 Rd2 108. Rd6+ Ke7 109. Rb6 Rd1 110.
Rb7+ Kd8 111. Kc5 Ke8 112. Rh7 Kd8 113. Bf6+ Ke8 114. Kc6 Rd2 115. Be7 Rd1 116.
Bc5 Re1 117. Bd6 Re2 118. Kd5 Kd8 119. Rf7 Ke8 120. Rb7 Re1 121. Be5 Kd8 122.
Ke6 Rc1 1/2-1/2

[Event "EU-ch 6th"]
[Site "Warsaw"]
[Date "2005.06.26"]
[Round "8"]
[White "Huzman, Alexander"]
[Black "Nalbandian, Tigran"]
[Result "1/2-1/2"]
[WhiteElo "2577"]
[BlackElo "2508"]
[PlyCount "97"]
[EventDate "2005.06.18"]
[EventType "swiss"]
[EventRounds "13"]
[EventCountry "POL"]
[Source "ChessBase"]
[SourceDate "2005.07.12"]

1. d4 Nf6 2. c4 g6 3. Nc3 Bg7 4. e4 d6 5. Nf3 O-O 6. Be2 e5 7. Be3 Na6 8. O-O
c6 9. d5 Ng4 10. Bg5 f6 11. Bh4 h5 12. Ne1 Qb6 13. Na4 Qd4 14. h3 Nh6 15. dxc6
Qxe4 16. Bf3 Qxh4 17. cxb7 Rb8 18. bxc8=Q Rfxc8 19. Qxd6 Nc7 20. b3 e4 21. g3
Nf5 22. Qxc7 Qxh3 23. Bg2 Qxg2+ 24. Nxg2 Rxc7 25. Nc3 Nd4 26. Rad1 f5 27. Nd5
Rc5 28. Ngf4 Kf7 29. Kg2 a5 30. Nh3 Nf3 31. Ng1 a4 32. Nxf3 exf3+ 33. Kxf3 axb3
34. axb3 Rxb3+ 35. Ne3 Bh6 36. Rb1 Rxb1 37. Rxb1 Bxe3 38. Kxe3 Rxc4 39. Rb7+
Kf6 40. Rb6+ Kg5 41. f4+ Kh6 42. Rb8 Rc2 43. Kf3 Rc7 44. Kg2 Kh7 45. Kh3 Rg7
46. Kh4 Rg8 47. Rb7+ Kh6 48. Ra7 Re8 49. Kh3 1/2-1/2

[Event "EU-ch 6th"]
[Site "Warsaw"]
[Date "2005.06.27"]
[Round "9"]
[White "Evdokimov, Alexander A"]
[Black "Socko, Bartosz"]
[Result "1/2-1/2"]
[WhiteElo "2503"]
[BlackElo "2583"]
[PlyCount "84"]
[EventDate "2005.06.18"]
[EventType "swiss"]
[EventRounds "13"]
[EventCountry "POL"]
[Source "ChessBase"]
[SourceDate "2005.07.12"]

1. d4 Nf6 2. c4 g6 3. Nc3 Bg7 4. e4 d6 5. Nf3 O-O 6. Be2 e5 7. Be3 Ng4 8. Bg5
f6 9. Bc1 exd4 10. Nxd4 f5 11. O-O Nc6 12. Nxc6 bxc6 13. exf5 gxf5 14. h3 Ne5
15. f4 Ng6 16. Be3 Rb8 17. Rb1 Bxc3 18. bxc3 Rxb1 19. Qxb1 Qe7 20. Rf3 c5 21.
Bd3 Qe8 22. Bf2 Bd7 23. h4 Bc6 24. Re3 Qf7 25. Bg3 Kh8 26. h5 Ne7 27. Bh4 Ng8
28. Qd1 Nf6 29. h6 Ne4 30. Bxe4 Bxe4 31. Rg3 Rg8 32. Qh5 Rg6 33. Rxg6 Qxg6 34.
Qxg6 hxg6 35. Bd8 c6 36. Be7 Kh7 37. Bxd6 Kxh6 38. Bxc5 a6 39. Kf2 a5 40. g3 a4
41. a3 Kh5 42. Be7 Kg4 1/2-1/2

[Event "EU-ch 6th"]
[Site "Warsaw"]
[Date "2005.06.30"]
[Round "12"]
[White "Reinderman, Dimitri"]
[Black "Inarkiev, Ernesto"]
[Result "1-0"]
[WhiteElo "2509"]
[BlackElo "2612"]
[PlyCount "121"]
[EventDate "2005.06.18"]
[EventType "swiss"]
[EventRounds "13"]
[EventCountry "POL"]
[Source "ChessBase"]
[SourceDate "2005.07.12"]

1. d4 Nf6 2. c4 g6 3. Nc3 Bg7 4. e4 d6 5. Nf3 O-O 6. Be2 e5 7. O-O Nc6 8. d5
Ne7 9. Ne1 Nd7 10. Be3 f5 11. f3 f4 12. Bf2 g5 13. a4 a6 14. a5 Rf7 15. b4 Bf8
16. c5 Rg7 17. cxd6 cxd6 18. Na4 h5 19. Rc1 Kh8 20. Rc3 Qe8 21. Kh1 g4 22. Qc2
g3 23. Bb6 Qg6 24. Bd8 Qe8 25. Bxe7 Bxe7 26. h3 Rg8 27. Kg1 Rb8 28. b5 axb5 29.
Bxb5 Qd8 30. Bxd7 Bxd7 31. Nb6 Qe8 32. Nd3 Bd8 33. Nc4 Rg6 34. Rb1 Ba4 35. Qb2
Kh7 36. Qb4 Qd7 37. Nb6 Bxb6+ 38. Qxb6 Rg7 39. a6 Ra8 40. a7 Qd8 41. Qxd8 Rxd8
42. Rb6 Ra8 43. Rxd6 Rxa7 44. Rb6 Ra5 45. Rb1 Re7 46. Rc5 Ra6 47. Rc8 Rd6 48.
Nc5 b5 49. Kf1 Kg6 50. Rb2 Ra7 51. Ke2 Kf6 52. Kd2 Rb6 53. Rf8+ Ke7 54. Rf5 b4
55. Rxe5+ Kd6 56. Nd3 Bd7 57. Rxh5 Rb8 58. Rh6+ Kc7 59. Nxf4 Ra1 60. Rg6 Rba8
61. Rxb4 1-0

[Event "Torch Cup"]
[Site "Xiapu"]
[Date "2005.06.22"]
[Round "15"]
[White "Liang Chong"]
[Black "Ye Jiangchuan"]
[Result "1/2-1/2"]
[WhiteElo "2524"]
[BlackElo "2648"]
[PlyCount "68"]
[EventDate "2005.06.21"]
[EventType "team"]
[EventRounds "19"]
[EventCountry "CHN"]
[Source "ChessBase"]
[SourceDate "2005.07.11"]

1. d4 Nf6 2. c4 g6 3. Nc3 Bg7 4. e4 d6 5. Nf3 O-O 6. Be2 e5 7. O-O Nc6 8. d5
Ne7 9. b4 Nh5 10. Re1 f5 11. Ng5 Nf6 12. f3 Nh5 13. c5 Nf4 14. Bc4 Kh8 15. Kh1
a6 16. Rb1 h6 17. Ne6 Bxe6 18. dxe6 fxe4 19. fxe4 Nc6 20. cxd6 cxd6 21. b5 Nd4
22. bxa6 bxa6 23. Bxf4 exf4 24. Ne2 Nxe2 25. Qxe2 Qh4 26. Rf1 g5 27. e7 Rfe8
28. Rb3 Rxe7 29. Rh3 f3 30. Qxf3 Qf4 31. Qd1 Qe5 32. Bd5 Rf8 33. Rxf8+ Bxf8 34.
Rf3 Bg7 1/2-1/2

[Event "FRA Cup fin"]
[Site "Paris"]
[Date "2005.06.26"]
[Round "1"]
[White "Bacrot, Etienne"]
[Black "Relange, Eloi"]
[Result "1-0"]
[WhiteElo "2731"]
[BlackElo "2500"]
[PlyCount "79"]
[EventDate "2005.06.26"]
[EventType "match"]
[EventRounds "1"]
[EventCountry "FRA"]
[Source "ChessBase"]
[SourceDate "2005.07.12"]

1. d4 Nf6 2. c4 g6 3. Nc3 Bg7 4. e4 d6 5. Nf3 O-O 6. Be2 e5 7. Be3 Ng4 8. Bg5
f6 9. Bh4 g5 10. Bg3 Nh6 11. d5 Nd7 12. Nd2 f5 13. f3 Nf6 14. h3 Nh5 15. Bf2
Nf4 16. g3 Nxe2 17. Qxe2 c5 18. dxc6 bxc6 19. g4 f4 20. h4 Nf7 21. O-O-O Be6
22. hxg5 Qxg5 23. Nb3 a5 24. c5 a4 25. Na1 Qd8 26. cxd6 Qa5 27. Nc2 Rfd8 28. d7
Bf8 29. a3 Rab8 30. Be1 Qb6 31. Nxa4 Qb3 32. Qh2 h6 33. g5 Qxa4 34. Bc3 Rb3 35.
gxh6 Rxc3 36. bxc3 Kh8 37. Rhg1 Rb8 38. d8=Q Nxd8 39. Qh4 Kh7 40. Qf6 1-0

[Event "EU-ch 6th playoff"]
[Site "Warsaw"]
[Date "2005.07.02"]
[Round "1.4"]
[White "Eljanov, Pavel"]
[Black "Beliavsky, Alexander G"]
[Result "1-0"]
[WhiteElo "2641"]
[BlackElo "2630"]
[PlyCount "55"]
[EventDate "2005.07.02"]
[EventType "k.o. (rapid)"]
[EventRounds "3"]
[EventCountry "POL"]
[Source "ChessBase"]
[SourceDate "2005.07.12"]

1. d4 Nf6 2. c4 g6 3. Nc3 Bg7 4. e4 d6 5. Nf3 O-O 6. Be2 e5 7. O-O Nc6 8. d5
Ne7 9. b4 Nd7 10. c5 dxc5 11. bxc5 Nxc5 12. Ba3 b6 13. Nd2 f5 14. Bxc5 bxc5 15.
Qb3 Kh8 16. Qc4 c6 17. Qxc5 cxd5 18. Nxd5 Nxd5 19. exd5 Bb7 20. Bc4 Rc8 21.
Qxa7 Bxd5 22. Rad1 Ba8 23. Nb3 Qh4 24. Bd5 Bxd5 25. Rxd5 Ra8 26. Qc5 Rxa2 27.
Rxe5 Bxe5 28. Qxf8# 1-0

[Event "GRE-chT 34th"]
[Site "Ermioni Argolidas"]
[Date "2005.07.07"]
[Round "4"]
[White "Chuchelov, Vladimir"]
[Black "Socko, Bartosz"]
[Result "0-1"]
[WhiteElo "2562"]
[BlackElo "2615"]
[PlyCount "104"]
[EventDate "2005.07.04"]
[EventType "team"]
[EventRounds "9"]
[EventCountry "GRE"]
[Source "ChessBase"]
[SourceDate "2005.09.02"]

1. Nf3 Nf6 2. c4 g6 3. Nc3 Bg7 4. e4 d6 5. d4 O-O 6. Be2 e5 7. O-O Nc6 8. d5
Ne7 9. Nd2 a5 10. a3 Bd7 11. b3 Nc8 12. Nf3 Nh5 13. g3 f5 14. exf5 gxf5 15. Nh4
Nf4 16. Bxf4 exf4 17. Rc1 fxg3 18. fxg3 f4 19. Bd3 Qg5 20. Qc2 Qh6 21. Rce1 Nb6
22. Ne4 Bh3 23. Rf3 Nd7 24. Nf2 Ne5 25. Nxh3 Nxf3+ 26. Nxf3 Qxh3 27. Ng5 Qh5
28. Bxh7+ Kh8 29. Qg6 Bd4+ 30. Kg2 f3+ 31. Kh1 f2 32. Rf1 Qxg6 33. Bxg6 Rg8 34.
Ne6 Rxg6 35. Nxd4 a4 36. b4 Rg4 37. Ne6 Rxc4 38. Rxf2 c6 39. Rf5 cxd5 40. Rh5+
Kg8 41. Kg2 Re8 42. Rh6 Rc3 43. h4 Rxa3 44. h5 Re3 45. Rg6+ Kf7 46. Ng5+ Ke7
47. Rg7+ Kf6 48. Rg6+ Ke5 49. Nf7+ Kd4 50. Nxd6 a3 51. Nf5+ Kd3 52. Nxe3 a2 0-1

[Event "Amsterdam ACT op"]
[Site "Amsterdam"]
[Date "2005.07.20"]
[Round "5"]
[White "Cheparinov, Ivan"]
[Black "Stellwagen, Daniel"]
[Result "1-0"]
[WhiteElo "2634"]
[BlackElo "2533"]
[PlyCount "71"]
[EventDate "2005.07.16"]
[EventType "swiss"]
[EventRounds "9"]
[EventCountry "NED"]
[Source "ChessBase"]
[SourceDate "2005.09.02"]

1. d4 Nf6 2. c4 g6 3. Nc3 Bg7 4. e4 d6 5. Nf3 O-O 6. Be2 e5 7. O-O Nc6 8. d5
Ne7 9. Ne1 Nd7 10. f3 f5 11. g4 Kh8 12. h4 Ng8 13. g5 f4 14. Kg2 h6 15. Rh1 Rf7
16. Nd3 Bf8 17. Qg1 Kg7 18. Kf1 Be7 19. Bd2 hxg5 20. hxg5 Bxg5 21. Nb5 Bh6 22.
c5 a6 23. Na3 Ndf6 24. Nc4 Ne8 25. Ncxe5 dxe5 26. Nxe5 Rf6 27. Bc3 Kh7 28. Qg5
Qe7 29. Bd4 Qf8 30. Kf2 Ng7 31. Rag1 Nh5 32. Rxh5 gxh5 33. Qxh5 Ne7 34. Bd3 Bf5
35. exf5 Rd8 36. Ng4 1-0

[Event "EU-chT 15th"]
[Site "Gothenburg"]
[Date "2005.08.01"]
[Round "3"]
[White "Beliavsky, Alexander G"]
[Black "Kozul, Zdenko"]
[Result "0-1"]
[WhiteElo "2599"]
[BlackElo "2585"]
[PlyCount "97"]
[EventDate "2005.07.30"]
[EventType "team"]
[EventRounds "9"]
[EventCountry "SWE"]
[Source "ChessBase"]
[SourceDate "2005.09.06"]

1. d4 Nf6 2. c4 g6 3. Nc3 Bg7 4. e4 d6 5. Nf3 O-O 6. Be2 e5 7. O-O Na6 8. Be3
c6 9. dxe5 dxe5 10. Qxd8 Rxd8 11. Rad1 Re8 12. a3 Ng4 13. Bc1 Nc5 14. b4 Nb3
15. Be3 a5 16. Bb6 axb4 17. axb4 Nf6 18. Rfe1 Bg4 19. h3 Bxf3 20. Bxf3 Bf8 21.
b5 Bb4 22. Re3 Bc5 23. Bxc5 Nxc5 24. Rd6 Re6 25. Rd1 Kg7 26. Re2 h5 27. Rc2 Re7
28. bxc6 bxc6 29. Rd6 Rc7 30. Rd1 Rd7 31. Rxd7 Nfxd7 32. Be2 Ra1+ 33. Bf1 h4
34. f3 Nf6 35. Ne2 Nh5 36. Rc1 Ra3 37. Rd1 Ng3 38. Kh2 Nh5 39. Rc1 Kf6 40. Rd1
Kg5 41. Rb1 Ra2 42. Rd1 Ne6 43. c5 Rc2 44. Nc1 Nef4 45. Nd3 Nxd3 46. Bxd3 Rxc5
47. Kg1 Ng3 48. Kf2 Kf4 49. Rd2 0-1

[Event "EU-chT 15th"]
[Site "Gothenburg"]
[Date "2005.08.02"]
[Round "4"]
[White "Babula, Vlastimil"]
[Black "Hillarp Persson, Tiger"]
[Result "1/2-1/2"]
[WhiteElo "2604"]
[BlackElo "2511"]
[PlyCount "103"]
[EventDate "2005.07.30"]
[EventType "team"]
[EventRounds "9"]
[EventCountry "SWE"]
[Source "ChessBase"]
[SourceDate "2005.09.06"]

1. d4 Nf6 2. c4 g6 3. Nc3 Bg7 4. e4 d6 5. Nf3 O-O 6. Be2 e5 7. O-O Nc6 8. d5
Ne7 9. b4 a5 10. Ba3 Nh5 11. c5 axb4 12. Bxb4 dxc5 13. Bxc5 Nf4 14. Bc4 Bg4 15.
h3 Bh5 16. Nb5 g5 17. Qb3 Ra6 18. Rfd1 Rf6 19. Nxe5 Bxd1 20. Rxd1 Rd6 21. Nxd6
cxd6 22. Bb6 Qc8 23. Ng4 f5 24. exf5 Nxf5 25. Bf1 h5 26. Ne3 Nh4 27. Nc4 Qd7
28. Kh1 g4 29. hxg4 Qxg4 30. Ne3 Qg6 31. Qc2 Qg5 32. Qe4 Nfg6 33. Rd2 Be5 34.
Rc2 Rxf2 35. Rxf2 Qg3 36. Rf4 Nxf4 37. Nf5 Nxf5 38. Qxf5 Nxd5 39. Bg1 Qh4+ 40.
Qh3 Qxh3+ 41. gxh3 Nf6 42. Kg2 Kf7 43. Be2 Kg6 44. Bd3+ Kf7 45. Be2 Ke6 46. Bf2
Kf5 47. Kf3 d5 48. Ke3 Bc7 49. Bh4 Bb6+ 50. Kd3 Bc5 51. Bxf6 Kxf6 52. Bxh5
1/2-1/2

[Event "EU-chT 15th"]
[Site "Gothenburg"]
[Date "2005.08.04"]
[Round "6"]
[White "Ivanchuk, Vassily"]
[Black "Radjabov, Teimour"]
[Result "1/2-1/2"]
[WhiteElo "2752"]
[BlackElo "2682"]
[PlyCount "46"]
[EventDate "2005.07.30"]
[EventType "team"]
[EventRounds "9"]
[EventCountry "SWE"]
[Source "ChessBase"]
[SourceDate "2005.09.06"]

1. d4 Nf6 2. c4 g6 3. Nc3 Bg7 4. e4 d6 5. Nf3 O-O 6. Be2 e5 7. Be3 Ng4 8. Bg5
f6 9. Bc1 exd4 10. Nxd4 f5 11. h3 Ne5 12. exf5 gxf5 13. O-O f4 14. Nd5 Ng6 15.
h4 Be5 16. Bg4 Nc6 17. Nxc6 bxc6 18. h5 f3 19. Bxf3 Qh4 20. g3 Bxg3 21. fxg3
Qxg3+ 22. Kh1 Qh3+ 23. Kg1 Qg3+ 1/2-1/2

[Event "EU-chT 15th"]
[Site "Gothenburg"]
[Date "2005.08.05"]
[Round "7"]
[White "Navara, David"]
[Black "McShane, Luke J"]
[Result "1-0"]
[WhiteElo "2663"]
[BlackElo "2625"]
[PlyCount "115"]
[EventDate "2005.07.30"]
[EventType "team"]
[EventRounds "9"]
[EventCountry "SWE"]
[Source "ChessBase"]
[SourceDate "2005.09.06"]

1. d4 Nf6 2. c4 g6 3. Nc3 Bg7 4. e4 d6 5. Nf3 O-O 6. Be2 e5 7. O-O Na6 8. Be3
Ng4 9. Bg5 Qe8 10. c5 exd4 11. Nd5 Nxc5 12. Nxc7 Qxe4 13. Re1 Rb8 14. Bc4 Qf5
15. Be7 Bd7 16. h3 Nf6 17. Bxd6 Nce4 18. Bxf8 Rxf8 19. Qxd4 Bc6 20. Ne5 Nd7 21.
Nd5 Qxe5 22. Qxe5 Nxe5 23. Rxe4 Kh8 24. Bb3 Nd3 25. Rd1 Nxb2 26. Rd2 a5 27. a3
a4 28. Ba2 b5 29. Rb4 Rd8 30. Rc2 Nc4 31. Bxc4 bxc4 32. Nc3 Re8 33. Rxc4 Bd7
34. Nxa4 Be6 35. Rc6 Be5 36. Nb6 Rd8 37. Rc8 Bxc8 38. Rxc8 Rxc8 39. Nxc8 Kg7
40. a4 Bc7 41. Ne7 Kf8 42. Nd5 Bd8 43. Kf1 f5 44. Ke2 Kf7 45. Kd3 Ke6 46. Kc4
Kd6 47. f3 g5 48. g4 Ke5 49. gxf5 Kxf5 50. Kb5 Ke5 51. Nb6 Kd6 52. a5 Kc7 53.
a6 Kb8 54. Nd7+ Kc7 55. Nf8 Bf6 56. Ne6+ Kb8 57. Kb6 Be5 58. Nxg5 1-0

[Event "EU-chT 15th"]
[Site "Gothenburg"]
[Date "2005.08.06"]
[Round "8"]
[White "Bacrot, Etienne"]
[Black "Kempinski, Robert"]
[Result "0-1"]
[WhiteElo "2729"]
[BlackElo "2619"]
[PlyCount "120"]
[EventDate "2005.07.30"]
[EventType "team"]
[EventRounds "9"]
[EventCountry "SWE"]
[Source "ChessBase"]
[SourceDate "2005.09.06"]

1. d4 Nf6 2. c4 g6 3. Nc3 Bg7 4. e4 O-O 5. Be2 d6 6. Nf3 e5 7. Be3 Na6 8. O-O
Ng4 9. Bg5 Qe8 10. dxe5 dxe5 11. h3 Nf6 12. Be3 b6 13. a3 Nc5 14. Bxc5 bxc5 15.
Nd2 Rb8 16. Rb1 Qe7 17. Qc2 c6 18. Nb3 h5 19. Na5 Bd7 20. Rfd1 Rfc8 21. Na4 Bf8
22. Bf3 Be6 23. Nb3 Nd7 24. Rd3 Rc7 25. Rbd1 Qe8 26. Be2 Qc8 27. Rg3 h4 28. Rc3
Qa6 29. Nc1 Nf6 30. Bf3 Be7 31. Nd3 Nd7 32. Rc1 Rcb7 33. Bd1 Qa5 34. Bf3 Qd8
35. Qe2 Qa5 36. Qd1 Kg7 37. Ra1 Qc7 38. Qc2 Qa5 39. Rd1 Qc7 40. Rd2 Qa5 41. Qd1
Rb3 42. Rxb3 Rxb3 43. Nc1 Rb7 44. b3 Bg5 45. Rc2 Nb6 46. Nc3 Qxa3 47. N3e2 Rd7
48. Qf1 Qb4 49. Bg4 Bxg4 50. hxg4 Rd2 51. Na2 Qxb3 52. Rxd2 Bxd2 53. Qa1 Nxc4
54. Nac3 Qa3 55. Qb1 Bxc3 56. Qd3 Qa1+ 57. Kh2 Bd4 58. Qxc4 Bxf2 59. Qd3 Qe1
60. g5 Bg3+ 0-1